000 00340nam a22001337a 4500
008 180220b xxu||||| |||| 00| 0 eng d
020 _a0876203926
041 _aeng
080 _a331.101.262
100 _a52
101 _aBNJ
245 _aHuman behavior in the work environment a managerial perspective
_cFrancis,G.J
942 _2udc
_cBK
999 _c42962
_d42962